Vybrané problémy analýzy vnější ekonomické rovnováhy

Pojem vonkajšia ekonomická rovnováha. Faktory, ktoré ovplyvňujú saldo bežného účtu. Problematika udržateľnosti vonkajšej rovnováhy. Faktory ovplyvňujúce udržateľnosť vonkajšej rovnováhy.

Gespeichert in:
Bibliographische Detailangaben
1. Verfasser: Pour, Jiří
Format: Buchkapitel
Sprache:Tschechisch
Schlagworte:
Tags: Tag hinzufügen
Keine Tags, Fügen Sie das erste Tag hinzu!

MARC

LEADER 00000naa a2200000 4500
001 0190062
005 20231010070350.0
041 0 |a cze 
044 |a CZ 
245 1 0 |a Vybrané problémy analýzy vnější ekonomické rovnováhy  |c Jiří Pour 
520 |a Pojem vonkajšia ekonomická rovnováha. Faktory, ktoré ovplyvňujú saldo bežného účtu. Problematika udržateľnosti vonkajšej rovnováhy. Faktory ovplyvňujúce udržateľnosť vonkajšej rovnováhy. 
610 2 0 |a rovnováha vonkajšia 
610 2 0 |a účty bežné 
610 2 0 |a bilancia platobná 
610 2 0 |a rozvoj trvalo udržateľný 
610 2 0 |a kurz menový 
610 2 0 |a investície 
100 1 |a Pour, Jiří